Normal view
MARC view
Entry Personal Name
001 - CONTROL NUMBER
- control field: 17727
003 - CONTROL NUMBER IDENTIFIER
- control field: HDC
005 - DATE AND TIME OF LATEST TRANSACTION
- control field: 20230624073521.0
008 - FIXED-LENGTH DATA ELEMENTS
- fixed length control field: 210228|| aca||aabn | a|a d
040 ## - CATALOGING SOURCE
- Original cataloging agency: HDC
- Transcribing agency: HDC
100 ## - HEADING--PERSONAL NAME
- Personal name: Roa-Fabular, Suzy May
670 ## - SOURCE DATA FOUND
- Source citation: Work cat.: (HDC): Roa-Fabular, Suzy May author, Philippines: Halal poultry standards set off / by, 2010
